Energy and environment

Uloženo v:
Podrobná bibliografie
Hlavní autor: Wyzga, R. R.
Médium: Kniha
Jazyk:Undetermined
Vydáno: Paris Organisation for economic co-operation and development 1974
Témata:
Tagy: Přidat tag
Žádné tagy, Buďte první, kdo otaguje tento záznam!
Thư viện lưu trữ: Trung tâm Học liệu Trường Đại học Cần Thơ
LEADER 00500nam a2200181Ia 4500
001 CTU_80773
008 210402s9999 xx 000 0 und d
082 |a 621.4 
082 |b W998 
100 |a Wyzga, R. R. 
245 0 |a Energy and environment 
245 0 |c R. R. Wyzga 
260 |a Paris 
260 |b Organisation for economic co-operation and development 
260 |c 1974 
650 |a Force and energy 
904 |i Trọng Hải 
980 |a Trung tâm Học liệu Trường Đại học Cần Thơ